MARC

LEADER 00000nam0a2200000 4500
001 234991
005 20231101231351.0
035 |a (RuTPU)RU\TPU\book\256120 
090 |a 234991 
100 |a 20130403d2013 k y0rusy50 ca 
101 0 |a rus 
102 |a RU 
105 |a a dm 001zy 
200 1 |a Теория и методы проектирования ортогональной турбины  |e автореферат диссертации на соискание ученой степени кандидата технических наук  |e спец. 05.02.02  |f Е. А. Спирин  |g Сибирский Федеральный округ, Кафедра конструкторско-технологическое обеспечение машиностроительных производств ; науч. рук. М. П. Головин 
210 |a Томск  |d 2013 
215 |a 20 с.  |c ил. 
300 |a Защита сост. 22.03.2013 г. 
320 |a Библиогр.: с. 18-20 (15 назв.). 
606 1 |a Гидротурбины  |x Водяные турбины  |2 stltpush  |3 (RuTPU)RU\TPU\subj\7032  |9 34771 
610 1 |a ортогональные турбины 
610 1 |a проектирование 
610 1 |a исследование 
610 1 |a математические модели 
610 1 |a алгоритмы 
610 1 |a программная реализация 
610 1 |a вычислительные эксперименты 
610 1 |a натурные эксперименты 
610 1 |a авторефераты диссертаций 
675 |a 621.224(04)  |v 3 
686 |a 05.02.02  |2 oksvnk 
700 1 |a Спирин  |b Е. А.  |g Евгений Анатольевич 
702 1 |a Головин  |b М. П.  |g Михаил Петрович  |4 727 
712 0 2 |a Сибирский Федеральный округ  |b Кафедра конструкторско-технологическое обеспечение машиностроительных производств  |2 stltpush  |3 (RuTPU)RU\TPU\col\5910 
801 1 |a RU  |b 63413507  |c 20130403 
801 2 |a RU  |b 63413507  |c 20130414  |g RCR 
942 |c BK